[Event "CYCC U18 w"]
[Site "Victoria CAN"]
[Date "2005.03.26"]
[Round "6"]
[White "Kazakevich, Anastasia"]
[Black "Mignault, Dominik"]
[Result "1-0"]
[WhiteElo "1937"]
[BlackElo "1413"]
[PlyCount "41"]
[GameId "2160767910965366"]
[EventDate "2005.03.24"]
[EventType "tourn"]
[EventRounds "6"]
[EventCountry "CAN"]

1. d4 d5 2. c4 e6 3. Nc3 Nf6 4. Nf3 Nbd7 5. e3 Bb4 6. a3 Bxc3+ 7. bxc3 c6 8. Bd3 O-O 9. O-O b6 10. a4 Bb7 11. Ba3 c5 12. cxd5 Bxd5 13. Re1 Qc7 14. e4 Bb7 15. e5 Nh5 16. Bxh7+ Kxh7 17. Ng5+ Kh6 18. Bc1 Qc6 19. Ne4+ g5 20. Bxg5+ Kg6 21. Qg4 1-0

[Event "Capablanca Classic"]
[Site "Edmonton CAN"]
[Date "2005.06.16"]
[Round "3"]
[White "Wang, Hao"]
[Black "Hughey, Micah"]
[Result "0-1"]
[WhiteElo "1319"]
[BlackElo "1995"]
[PlyCount "52"]
[GameId "2160767910968087"]
[EventDate "2005.06.02"]
[EventType "swiss"]
[EventRounds "5"]
[EventCountry "CAN"]
[WhiteTeam "Canada"]
[BlackTeam "Canada"]
[WhiteTeamCountry "CAN"]
[BlackTeamCountry "CAN"]

1. d4 d5 2. c4 e6 3. a3 Nf6 4. Nc3 c6 5. Nf3 dxc4 6. Bg5 b5 7. b4 cxb3 8. Qxb3 Be7 9. e3 O-O 10. Bd3 Nbd7 11. Rc1 Bb7 12. Ne4 Qa5+ 13. Nfd2 Nxe4 14. Bxe4 Bxg5 15. O-O Qxd2 16. Rcd1 Qa5 17. f4 Be7 18. Ra1 Qb6 19. a4 a6 20. Qd3 Nf6 21. Bf3 c5 22. Bxb7 Qxb7 23. axb5 axb5 24. h3 Qe4 25. Qc3 Nd5 26. Qb2 Qxe3+ 0-1

[Event "Carnaval"]
[Site "Quebec CAN"]
[Date "2005.02.18"]
[Round "1"]
[White "Audet-Bouchard, Nicolas"]
[Black "Filiatrault, Alexandre"]
[Result "1-0"]
[WhiteElo "2057"]
[BlackElo "1704"]
[PlyCount "61"]
[GameId "2160767910965617"]
[EventDate "2005.02.18"]
[EventType "swiss"]
[EventRounds "5"]
[EventCountry "CAN"]
[SourceTitle "EXT 2006"]
[Source "ChessBase"]
[SourceDate "2005.11.24"]
[SourceVersion "1"]
[SourceVersionDate "2005.11.24"]
[SourceQuality "1"]

1. e4 c5 2. Nf3 Nc6 3. d4 cxd4 4. Nxd4 e5 5. Nb5 d6 6. c4 Be7 7. Be2 Be6 8. O-O Nf6 9. N1c3 a6 10. Na3 Rc8 11. Be3 O-O 12. Rc1 g6 13. f3 Nh5 14. Qd2 f5 15. exf5 gxf5 16. Nd5 Bxd5 17. cxd5 Nb8 18. Rxc8 Qxc8 19. Nc4 b5 20. Na5 Bd8 21. Rc1 Qd7 22. Nc6 Qb7 23. Bh6 Bb6+ 24. Kh1 f4 25. Bxf8 Ng3+ 26. hxg3 Qf7 27. g4 Qf6 28. g3 fxg3 29. Qh6 Qxf8 30. Qxf8+ Kxf8 31. Nxb8 1-0

[Event "Carnaval"]
[Site "Quebec CAN"]
[Date "2005.02.18"]
[Round "1"]
[White "Caron, Sebastien"]
[Black "Beaudoin, Stephane"]
[Result "1/2-1/2"]
[WhiteElo "1824"]
[BlackElo "2070"]
[PlyCount "46"]
[GameId "2160767910965618"]
[EventDate "2005.02.18"]
[EventType "swiss"]
[EventRounds "5"]
[EventCountry "CAN"]
[SourceTitle "EXT 2006"]
[Source "ChessBase"]
[SourceDate "2005.11.24"]
[SourceVersion "1"]
[SourceVersionDate "2005.11.24"]
[SourceQuality "1"]

1. e4 g6 2. d4 Bg7 3. f4 d6 4. c4 Nf6 5. Nc3 O-O 6. Nf3 c5 7. d5 e6 8. Bd3 exd5 9. cxd5 b5 10. O-O c4 11. Bc2 Re8 12. Re1 a6 13. h3 b4 14. Na4 Bb7 15. Be3 Nbd7 16. Bd4 Rc8 17. Rc1 Qa5 18. Bb1 Nh5 19. Bxg7 Kxg7 20. Rf1 Nhf6 21. Re1 Nh5 22. Rf1 Nhf6 23. Re1 Nh5 1/2-1/2

[Event "Carnaval"]
[Site "Quebec CAN"]
[Date "2005.02.18"]
[Round "1"]
[White "Champetier, Serge"]
[Black "Prahov, Valentin"]
[Result "0-1"]
[WhiteElo "1908"]
[BlackElo "2229"]
[PlyCount "58"]
[GameId "2160767910965619"]
[EventDate "2005.02.18"]
[EventType "swiss"]
[EventRounds "5"]
[EventCountry "CAN"]
[SourceTitle "EXT 2006"]
[Source "ChessBase"]
[SourceDate "2005.11.24"]
[SourceVersion "1"]
[SourceVersionDate "2005.11.24"]
[SourceQuality "1"]

1. e4 c5 2. a3 Nc6 3. b4 cxb4 4. axb4 Nxb4 5. c3 Nc6 6. d4 d5 7. exd5 Qxd5 8. Na3 e5 9. Nb5 Bd6 10. Bc4 Qe4+ 11. Ne2 Bb8 12. Qb3 Qg6 13. O-O Nge7 14. d5 Nd8 15. Ba3 a6 16. Bb4 Bd7 17. Qa2 Nxd5 18. Bxd5 Bxb5 19. Rfe1 Bd6 20. Qb3 O-O 21. Ng3 Rc8 22. Be4 Qf6 23. Bxd6 Qxd6 24. Nf5 Qf6 25. Rad1 Rc7 26. Rd6 Ne6 27. c4 Rxc4 28. Bb1 Rf4 29. Qh3 h6 0-1

[Event "Carnaval"]
[Site "Quebec CAN"]
[Date "2005.02.18"]
[Round "1"]
[White "Marquis, Paul"]
[Black "Caire, Francois"]
[Result "0-1"]
[WhiteElo "1895"]
[BlackElo "2201"]
[PlyCount "88"]
[GameId "2160767910965621"]
[EventDate "2005.02.18"]
[EventType "swiss"]
[EventRounds "5"]
[EventCountry "CAN"]
[SourceTitle "EXT 2006"]
[Source "ChessBase"]
[SourceDate "2005.11.24"]
[SourceVersion "1"]
[SourceVersionDate "2005.11.24"]
[SourceQuality "1"]

1. e4 c5 2. Nc3 Nc6 3. g3 g6 4. Bg2 Bg7 5. d3 d6 6. f4 e5 7. Nf3 Nge7 8. O-O O-O 9. Be3 Nd4 10. fxe5 dxe5 11. Nd5 Be6 12. c4 f6 13. b4 Nxf3+ 14. Bxf3 Bxd5 15. exd5 cxb4 16. Qa4 a5 17. Qb5 Nf5 18. Bc5 Nd6 19. Bxd6 Qxd6 20. c5 Qa6 21. Qxa6 Rxa6 22. d6 Ra7 23. Bd5+ Kh8 24. Rac1 Bh6 25. Rc4 Kg7 26. Re1 Bd2 27. Re2 Bc3 28. a4 Rd8 29. Kg2 f5 30. Bxb7 Rxb7 31. c6 Rb6 32. d7 Rxc6 33. Rxc6 Rxd7 34. Rc5 Rxd3 35. Rxa5 b3 36. Rb5 b2 37. Rc2 Rd1 38. Rxc3 b1=Q 39. Rxb1 Rxb1 40. Ra3 Rb6 41. a5 Ra6 42. Kf3 Kf6 43. Ke3 Ke6 44. Kd3 Kd5 0-1

[Event "Carnaval"]
[Site "Quebec CAN"]
[Date "2005.02.18"]
[Round "1"]
[White "Plante, Hendrick"]
[Black "Berube, Antoine"]
[Result "1-0"]
[WhiteElo "1868"]
[BlackElo "2125"]
[PlyCount "119"]
[GameId "2160767910965622"]
[EventDate "2005.02.18"]
[EventType "swiss"]
[EventRounds "5"]
[EventCountry "CAN"]
[SourceTitle "EXT 2006"]
[Source "ChessBase"]
[SourceDate "2005.11.24"]
[SourceVersion "1"]
[SourceVersionDate "2005.11.24"]
[SourceQuality "1"]

1. d4 d5 2. c4 c6 3. Nc3 Nf6 4. e3 e6 5. Nf3 Nbd7 6. Bd2 Bd6 7. cxd5 exd5 8. Bd3 O-O 9. Rc1 Qe7 10. O-O Ne4 11. Qc2 Ndf6 12. Rce1 Bg4 13. Bc1 Rae8 14. Ne5 Nxc3 15. bxc3 Bh5 16. f3 c5 17. g4 Bg6 18. Nxg6 hxg6 19. Qf2 Qc7 20. Re2 Qa5 21. Qe1 Rc8 22. h3 cxd4 23. cxd4 Qxe1 24. Rexe1 Rc3 25. Bb1 Rfc8 26. Bd2 R3c4 27. Rc1 Ba3 28. Rxc4 dxc4 29. Bc2 c3 30. Bc1 Bxc1 31. Rxc1 Nd5 32. Kf2 g5 33. Be4 Nf6 34. Bxb7 Rb8 35. Bc6 Rb2+ 36. Kg3 c2 37. e4 Kf8 38. a4 Ke7 39. e5 Nd7 40. h4 gxh4+ 41. Kxh4 Rb4 42. Bxd7 Kxd7 43. d5 Rd4 44. Rxc2 Rxd5 45. Rb2 Kc7 46. f4 Rd4 47. f5 Rxa4 48. Re2 Kd7 49. f6 g6 50. e6+ fxe6 51. Kg5 Rd4 52. Kh6 Ke8 53. Kg7 Rd7+ 54. Kxg6 Rd6 55. Rh2 a5 56. Rh8+ Kd7 57. Ra8 e5 58. Kg7 Ke6 59. Re8+ Kd5 60. f7 1-0

[Event "Carnaval"]
[Site "Quebec CAN"]
[Date "2005.02.18"]
[Round "1"]
[White "Plante, Rejean"]
[Black "Gacogne, Charlie"]
[Result "1-0"]
[WhiteElo "2091"]
[BlackElo "1836"]
[PlyCount "63"]
[GameId "2160767910965623"]
[EventDate "2005.02.18"]
[EventType "swiss"]
[EventRounds "5"]
[EventCountry "CAN"]
[SourceTitle "EXT 2006"]
[Source "ChessBase"]
[SourceDate "2005.11.24"]
[SourceVersion "1"]
[SourceVersionDate "2005.11.24"]
[SourceQuality "1"]

1. c4 Nf6 2. d4 d6 3. Nc3 Nbd7 4. e4 e5 5. d5 Be7 6. Bd3 c6 7. Nge2 O-O 8. O-O Re8 9. f3 Bf8 10. Be3 g6 11. Qd2 Bg7 12. Rad1 c5 13. a3 Nf8 14. b4 b6 15. Rb1 a5 16. bxa5 Rxa5 17. Nb5 Qe7 18. Rb3 Bb7 19. Rfb1 Rea8 20. Nxd6 Rxa3 21. Rxa3 Rxa3 22. Nxb7 Qxb7 23. Bxc5 Ra1 24. Rxa1 bxc5 25. Nc3 Nh5 26. Nb5 Nf4 27. Bf1 Bh6 28. Qa5 Qe7 29. Qc7 Qg5 30. Qxc5 Nd7 31. Qc8+ Kg7 32. Qxd7 1-0

[Event "Carnaval"]
[Site "Quebec CAN"]
[Date "2005.02.18"]
[Round "1"]
[White "Rivest, Jean-Michel"]
[Black "Gravel, Simon M"]
[Result "0-1"]
[WhiteElo "1992"]
[BlackElo "2285"]
[PlyCount "50"]
[GameId "2160767910965624"]
[EventDate "2005.02.18"]
[EventType "swiss"]
[EventRounds "5"]
[EventCountry "CAN"]
[SourceTitle "EXT 2006"]
[Source "ChessBase"]
[SourceDate "2005.11.24"]
[SourceVersion "1"]
[SourceVersionDate "2005.11.24"]
[SourceQuality "1"]

1. e4 e5 2. Nf3 Nc6 3. Bb5 a6 4. Ba4 Nf6 5. O-O Nxe4 6. d4 b5 7. Bb3 d5 8. dxe5 Be6 9. Nbd2 Nc5 10. c3 d4 11. Bxe6 Nxe6 12. cxd4 Ncxd4 13. Nb3 c5 14. Be3 Nf5 15. Bd2 c4 16. Qc2 g6 17. Na5 Rc8 18. Rad1 c3 19. Bxc3 Qxa5 20. Qxf5 Rxc3 21. Qf6 Bg7 22. Rd8+ Qxd8 23. Qxd8+ Kxd8 24. Rd1+ Ke7 25. bxc3 Rc8 0-1

[Event "Carnaval"]
[Site "Quebec CAN"]
[Date "2005.02.18"]
[Round "1"]
[White "Saint Pierre, Steve"]
[Black "Verreault, Richard"]
[Result "1-0"]
[WhiteElo "1869"]
[BlackElo "1614"]
[PlyCount "53"]
[GameId "2160767910965626"]
[EventDate "2005.02.18"]
[EventType "swiss"]
[EventRounds "5"]
[EventCountry "CAN"]
[SourceTitle "EXT 2006"]
[Source "ChessBase"]
[SourceDate "2005.11.24"]
[SourceVersion "1"]
[SourceVersionDate "2005.11.24"]
[SourceQuality "1"]

1. e3 Nf6 2. f4 d5 3. Nf3 e6 4. b3 Nc6 5. Bb2 g6 6. Bb5 Bg7 7. g4 O-O 8. Bxc6 bxc6 9. g5 Nh5 10. Bxg7 Kxg7 11. Ne5 c5 12. d4 Qd6 13. Nc3 Ba6 14. Na4 f6 15. gxf6+ Nxf6 16. dxc5 Qe7 17. Qd4 Bb5 18. Nc3 a6 19. O-O-O Kg8 20. h4 Qg7 21. c6 Ne4 22. Nxe4 Bxc6 23. Nc5 Qe7 24. Nxc6 Qd6 25. Ne5 Rf5 26. Rdg1 Rh5 27. Nxg6 1-0

[Event "Carnaval"]
[Site "Quebec CAN"]
[Date "2005.02.18"]
[Round "1"]
[White "St Amand, Paul Jr"]
[Black "Godbout, Mathieu"]
[Result "1/2-1/2"]
[WhiteElo "2138"]
[BlackElo "1879"]
[PlyCount "60"]
[GameId "2160767910965627"]
[EventDate "2005.02.18"]
[EventType "swiss"]
[EventRounds "5"]
[EventCountry "CAN"]
[SourceTitle "EXT 2006"]
[Source "ChessBase"]
[SourceDate "2005.11.24"]
[SourceVersion "1"]
[SourceVersionDate "2005.11.24"]
[SourceQuality "1"]

1. e4 Nf6 2. e5 Nd5 3. d4 d6 4. Nf3 dxe5 5. dxe5 Bg4 6. Be2 Nc6 7. h3 Bxf3 8. Bxf3 e6 9. Qe2 Nd4 10. Qe4 Nxf3+ 11. Qxf3 c6 12. O-O Qc7 13. Qe4 Bc5 14. Nd2 a5 15. Nf3 h6 16. c4 Ne7 17. Be3 Bxe3 18. Qxe3 Nf5 19. Qe2 c5 20. Rfd1 O-O 21. Rd2 Rad8 22. Rad1 Rxd2 23. Qxd2 Rc8 24. Qd7 Nd4 25. Qxc7 Nxf3+ 26. gxf3 Rxc7 27. f4 Kf8 28. Rd6 Ke7 29. Kf1 Rc6 30. Rxc6 bxc6 1/2-1/2

[Event "Carnaval"]
[Site "Quebec CAN"]
[Date "2005.02.18"]
[Round "1"]
[White "Tremblay, Rejean"]
[Black "Auger, Bertrand"]
[Result "1-0"]
[WhiteElo "2234"]
[BlackElo "1918"]
[PlyCount "101"]
[GameId "2160767910965629"]
[EventDate "2005.02.18"]
[EventType "swiss"]
[EventRounds "5"]
[EventCountry "CAN"]
[SourceTitle "EXT 2006"]
[Source "ChessBase"]
[SourceDate "2005.11.24"]
[SourceVersion "1"]
[SourceVersionDate "2005.11.24"]
[SourceQuality "1"]

1. d4 e6 2. c4 Nf6 3. Nc3 Bb4 4. Qc2 O-O 5. a3 Bxc3+ 6. Qxc3 b6 7. Bg5 Bb7 8. f3 c5 9. e3 cxd4 10. Qxd4 Nc6 11. Qc3 Rc8 12. b4 Ne4 13. Bxd8 Nxc3 14. Bg5 f6 15. Bf4 e5 16. Bg3 a5 17. b5 Ne7 18. a4 d5 19. Ra3 d4 20. exd4 exd4 21. Bf2 Rfe8 22. Bd3 Ng6+ 23. Kd2 Rcd8 24. Nh3 Ne5 25. Nf4 g5 26. Nh5 Kf7 27. Ng3 g4 28. f4 Nxd3 29. Kxd3 Bxg2 30. Re1 Bf3 31. Rxe8 Rxe8 32. Bxd4 Ne2 33. Bxb6 Nxf4+ 34. Kd2 h5 35. Re3 Re6 36. Rxe6 Kxe6 37. Bc7 Ng6 38. Nxh5 Ne5 39. Nf4+ Kf5 40. Bxe5 Kxe5 41. Ke3 Bd1 42. Nd3+ Kd6 43. Nb2 Bc2 44. Kd4 f5 45. c5+ Ke6 46. b6 Kd7 47. Nc4 Bxa4 48. Ke5 Bc2 49. Nxa5 Kc8 50. c6 Be4 51. Kd6 1-0

[Event "Carnaval"]
[Site "Quebec CAN"]
[Date "2005.02.19"]
[Round "1"]
[White "Bolduc, Steve"]
[Black "Angers, Gilles"]
[Result "1-0"]
[WhiteElo "2258"]
[BlackElo "1953"]
[PlyCount "42"]
[GameId "2160767910965630"]
[EventDate "2005.02.18"]
[EventType "swiss"]
[EventRounds "5"]
[EventCountry "CAN"]
[SourceTitle "EXT 2006"]
[Source "ChessBase"]
[SourceDate "2005.11.24"]
[SourceVersion "1"]
[SourceVersionDate "2005.11.24"]
[SourceQuality "1"]

1. d4 Nf6 2. c4 c5 3. d5 b5 4. Nf3 Bb7 5. Nbd2 bxc4 6. e4 e6 7. dxe6 dxe6 8. e5 Nd5 9. Nxc4 Nc6 10. Bg5 f6 11. exf6 gxf6 12. Bh4 Be7 13. Qd2 Ndb4 14. O-O-O Qxd2+ 15. Nfxd2 Nxa2+ 16. Kb1 Nab4 17. Ne4 O-O 18. Ncd6 Bxd6 19. Nxd6 Ba6 20. Bxa6 Nxa6 21. Ne4 Nd4 1-0

[Event "Carnaval"]
[Site "Quebec CAN"]
[Date "2005.02.19"]
[Round "1"]
[White "L'Heureux, Clement"]
[Black "Cazelais, Marc"]
[Result "1/2-1/2"]
[WhiteElo "1924"]
[BlackElo "2249"]
[PlyCount "85"]
[GameId "2160767910965632"]
[EventDate "2005.02.18"]
[EventType "swiss"]
[EventRounds "5"]
[EventCountry "CAN"]
[SourceTitle "EXT 2006"]
[Source "ChessBase"]
[SourceDate "2005.11.24"]
[SourceVersion "1"]
[SourceVersionDate "2005.11.24"]
[SourceQuality "1"]

1. e4 c5 2. d3 Nc6 3. f4 g6 4. Nf3 Bg7 5. Nc3 d6 6. g3 e6 7. Bg2 Nge7 8. O-O O-O 9. Be3 Nd4 10. Qd2 Rb8 11. Nd1 b5 12. c3 Nxf3+ 13. Bxf3 b4 14. d4 cxd4 15. Bxd4 Bxd4+ 16. cxd4 Ba6 17. Re1 Qb6 18. Ne3 f6 19. Kh1 Nc6 20. Red1 e5 21. Nc2 Bc4 22. b3 Bf7 23. d5 Na5 24. Ne3 Be8 25. Rac1 Bd7 26. Nc4 Nxc4 27. Rxc4 a5 28. Rdc1 Rbc8 29. Rxc8 Rxc8 30. Rxc8+ Bxc8 31. fxe5 fxe5 32. Qg5 Qc7 33. h3 Qf7 34. Bg2 Qf8 35. Kh2 Kg7 36. Kg1 h6 37. Qe3 Qd8 38. Qa7+ Kf6 39. Qh7 h5 40. Qh6 Kf7 41. Qh7+ Kf6 42. Qh6 Kf7 43. Qh7+ 1/2-1/2

[Event "Carnaval"]
[Site "Quebec CAN"]
[Date "2005.02.19"]
[Round "1"]
[White "Larochelle, Martial"]
[Black "Lemire-Paquin, Alexandre"]
[Result "1-0"]
[WhiteElo "2228"]
[BlackElo "1900"]
[PlyCount "51"]
[GameId "2160767910965633"]
[EventDate "2005.02.18"]
[EventType "swiss"]
[EventRounds "5"]
[EventCountry "CAN"]
[SourceTitle "EXT 2006"]
[Source "ChessBase"]
[SourceDate "2005.11.24"]
[SourceVersion "1"]
[SourceVersionDate "2005.11.24"]
[SourceQuality "1"]

1. c4 Nf6 2. d4 g6 3. Nc3 Bg7 4. e4 d6 5. Be2 O-O 6. Nf3 Nc6 7. d5 Nb4 8. O-O a5 9. Be3 e6 10. Nd4 exd5 11. exd5 Bd7 12. Qd2 Na6 13. h3 Nc5 14. Bf3 Qc8 15. Bh6 Bf5 16. Bxg7 Kxg7 17. Nb3 Ncd7 18. Qd4 h5 19. Rfe1 Kg8 20. Nd2 Ne5 21. Re3 b6 22. Rae1 Bd7 23. Bd1 Bf5 24. f4 Ned7 25. Ba4 Nc5 26. Qxf6 1-0

[Event "Carnaval"]
[Site "Quebec CAN"]
[Date "2005.02.19"]
[Round "2"]
[White "Audet-Bouchard, Nicolas"]
[Black "Bolduc, Steve"]
[Result "1-0"]
[WhiteElo "2057"]
[BlackElo "2258"]
[PlyCount "113"]
[GameId "2160767910965634"]
[EventDate "2005.02.18"]
[EventType "swiss"]
[EventRounds "5"]
[EventCountry "CAN"]
[SourceTitle "EXT 2006"]
[Source "ChessBase"]
[SourceDate "2005.11.24"]
[SourceVersion "1"]
[SourceVersionDate "2005.11.24"]
[SourceQuality "1"]

1. e4 c5 2. Nf3 Nc6 3. Bb5 g6 4. O-O Bg7 5. Re1 e5 6. c3 Nge7 7. d3 O-O 8. Nbd2 a6 9. Ba4 d6 10. Nf1 b5 11. Bb3 Na5 12. Bc2 Qc7 13. Be3 Bd7 14. Rc1 Rac8 15. b3 Rfd8 16. d4 Bg4 17. d5 f5 18. Bg5 h6 19. Bxe7 Qxe7 20. exf5 Bxf5 21. Ng3 Rf8 22. Be4 h5 23. Qc2 Bh6 24. Bxf5 gxf5 25. Nxf5 Qf6 26. Nxh6+ Qxh6 27. Re4 Rc7 28. Qd2 Qg7 29. Ng5 Qg6 30. h4 Rf5 31. Rce1 Nb7 32. R1e3 Rg7 33. Rg3 Qf6 34. Qe2 Nd8 35. Qxh5 Rxf2 36. Reg4 Rf1+ 37. Kh2 Qf5 38. Qe8+ Qf8 39. Qh5 Qf5 40. Qe8+ Qf8 41. Qxf8+ Kxf8 42. Rf3+ Rxf3 43. gxf3 Ke7 44. Kg3 Rg6 45. Ne4 Rh6 46. Rg7+ Ke8 47. Ng5 Rf6 48. Ra7 Rg6 49. Rxa6 Ke7 50. Ra7+ Kf6 51. Rd7 Rg8 52. Kg4 e4 53. f4 e3 54. Kf3 Re8 55. Rxd6+ Kf5 56. Ne6 e2 57. Ng7# 1-0

[Event "Carnaval"]
[Site "Quebec CAN"]
[Date "2005.02.19"]
[Round "2"]
[White "Auger, Bertrand"]
[Black "Filiatrault, Alexandre"]
[Result "1-0"]
[WhiteElo "1918"]
[BlackElo "1704"]
[PlyCount "67"]
[GameId "2160767910965635"]
[EventDate "2005.02.18"]
[EventType "swiss"]
[EventRounds "5"]
[EventCountry "CAN"]
[SourceTitle "EXT 2006"]
[Source "ChessBase"]
[SourceDate "2005.11.24"]
[SourceVersion "1"]
[SourceVersionDate "2005.11.24"]
[SourceQuality "1"]

1. Nf3 Nf6 2. g3 g6 3. b4 Bg7 4. Bb2 O-O 5. Bg2 c6 6. c4 d5 7. Na3 a5 8. b5 dxc4 9. bxc6 Nxc6 10. Nxc4 b5 11. Nfe5 Nxe5 12. Nxe5 Ra6 13. O-O Nd5 14. Rc1 Qd6 15. d4 Bb7 16. e4 Nb6 17. Qb3 b4 18. Nc4 Nxc4 19. Rxc4 Raa8 20. Rfc1 Rfc8 21. e5 Qd7 22. d5 Rxc4 23. Rxc4 Rc8 24. Qc2 Ba6 25. Rc6 Rxc6 26. dxc6 Qc7 27. Qc5 Bf8 28. Bd4 e6 29. Qb6 Qc8 30. Bc5 Bxc5 31. Qxc5 Qc7 32. Qd6 Qxd6 33. exd6 Kf8 34. c7 1-0

[Event "Carnaval"]
[Site "Quebec CAN"]
[Date "2005.02.19"]
[Round "2"]
[White "Berube, Antoine"]
[Black "Caron, Sebastien"]
[Result "1-0"]
[WhiteElo "2125"]
[BlackElo "1824"]
[PlyCount "91"]
[GameId "2160767910965636"]
[EventDate "2005.02.18"]
[EventType "swiss"]
[EventRounds "5"]
[EventCountry "CAN"]
[SourceTitle "EXT 2006"]
[Source "ChessBase"]
[SourceDate "2005.11.24"]
[SourceVersion "1"]
[SourceVersionDate "2005.11.24"]
[SourceQuality "1"]

1. d4 Nf6 2. c4 d6 3. Nc3 g6 4. e4 Bg7 5. f3 O-O 6. Be3 e5 7. d5 Nbd7 8. Qd2 Ne8 9. g4 f5 10. gxf5 gxf5 11. exf5 Qh4+ 12. Qf2 Qxf2+ 13. Kxf2 Ndf6 14. Bh3 Nh5 15. Nge2 Bxf5 16. Bxf5 Rxf5 17. Ng3 Nxg3 18. hxg3 Nf6 19. Ke2 Rh5 20. Rxh5 Nxh5 21. Ne4 Nf6 22. Kd3 Nxe4 23. Kxe4 Rc8 24. b4 b6 25. c5 Rf8 26. cxd6 cxd6 27. Rc1 Rf7 28. Rc8+ Rf8 29. Rc7 Rf7 30. Rc8+ Rf8 31. Rc6 Rd8 32. Rc7 Ra8 33. Bg5 Bf8 34. Kf5 Bg7 35. Be7 Bf8 36. Ke6 Bxe7 37. Kxe7 Rf8 38. Rc3 Kg7 39. Kxd6 Kf6 40. Rc7 Kg6 41. Kxe5 Rxf3 42. d6 Rxg3 43. d7 Rd3 44. Rc6+ Kf7 45. Rd6 Re3+ 46. Kf4 1-0

[Event "Carnaval"]
[Site "Quebec CAN"]
[Date "2005.02.19"]
[Round "2"]
[White "Cazelais, Marc"]
[Black "Panayotov, Ivo"]
[Result "1/2-1/2"]
[WhiteElo "2249"]
[BlackElo "1834"]
[PlyCount "56"]
[GameId "2160767910965638"]
[EventDate "2005.02.18"]
[EventType "swiss"]
[EventRounds "5"]
[EventCountry "CAN"]
[SourceTitle "EXT 2006"]
[Source "ChessBase"]
[SourceDate "2005.11.24"]
[SourceVersion "1"]
[SourceVersionDate "2005.11.24"]
[SourceQuality "1"]

1. e4 c5 2. c3 d5 3. exd5 Qxd5 4. d4 Nc6 5. dxc5 Qxd1+ 6. Kxd1 Bf5 7. Be3 Nf6 8. Nf3 Ng4 9. Bb5 a6 10. Bxc6+ bxc6 11. Nbd2 e5 12. b4 O-O-O 13. Re1 f6 14. h3 Nxe3+ 15. fxe3 g6 16. g4 Be6 17. Kc2 Bg7 18. Ne4 Kc7 19. a4 h5 20. Nf2 hxg4 21. hxg4 Bd5 22. e4 Bc4 23. Rh1 Be2 24. Rxh8 Rxh8 25. Ng1 Bc4 26. Nf3 Be2 27. Ng1 Bb5 28. Nf3 Be2 1/2-1/2

[Event "Carnaval"]
[Site "Quebec CAN"]
[Date "2005.02.19"]
[Round "2"]
[White "Godbout, Mathieu"]
[Black "Carrier, Claude"]
[Result "0-1"]
[WhiteElo "1879"]
[BlackElo "2054"]
[PlyCount "40"]
[GameId "2160767910965639"]
[EventDate "2005.02.18"]
[EventType "swiss"]
[EventRounds "5"]
[EventCountry "CAN"]
[SourceTitle "EXT 2006"]
[Source "ChessBase"]
[SourceDate "2005.11.24"]
[SourceVersion "1"]
[SourceVersionDate "2005.11.24"]
[SourceQuality "1"]

1. c4 e5 2. Nc3 Nf6 3. Nf3 Nc6 4. g3 d5 5. cxd5 Nxd5 6. Bg2 Nb6 7. O-O Be7 8. a3 O-O 9. b4 Re8 10. b5 Nd4 11. Nxe5 Bf6 12. f4 Bxe5 13. fxe5 Rxe5 14. e3 Nxb5 15. Ne4 f5 16. d4 Rxe4 17. Bxe4 fxe4 18. Qh5 Nd6 19. Ra2 Be6 20. Raf2 Bc4 0-1

[Event "Carnaval"]
[Site "Quebec CAN"]
[Date "2005.02.19"]
[Round "2"]
[White "Gravel, Simon M"]
[Black "Plante, Rejean"]
[Result "1/2-1/2"]
[WhiteElo "2285"]
[BlackElo "2091"]
[PlyCount "49"]
[GameId "2160767910965640"]
[EventDate "2005.02.18"]
[EventType "swiss"]
[EventRounds "5"]
[EventCountry "CAN"]
[SourceTitle "EXT 2006"]
[Source "ChessBase"]
[SourceDate "2005.11.24"]
[SourceVersion "1"]
[SourceVersionDate "2005.11.24"]
[SourceQuality "1"]

1. c4 c5 2. Nf3 Nf6 3. g3 Nc6 4. Bg2 g6 5. Nc3 Bg7 6. O-O O-O 7. d4 cxd4 8. Nxd4 Nxd4 9. Qxd4 d6 10. Qd3 Nd7 11. b3 Ne5 12. Qd2 Nc6 13. Bb2 Qa5 14. Rfd1 Qh5 15. Nd5 Qh6 16. Qxh6 Bxh6 17. b4 Be6 18. b5 Bxd5 19. Bxd5 Nd8 20. Rd3 Rc8 21. Rad1 b6 22. Ra3 Rc7 23. f4 Bg7 24. Bxg7 Kxg7 25. Kf2 1/2-1/2

[Event "Carnaval"]
[Site "Quebec CAN"]
[Date "2005.02.19"]
[Round "2"]
[White "Lemire-Paquin, Alexandre"]
[Black "Rivest, Jean-Michel"]
[Result "1-0"]
[WhiteElo "1900"]
[BlackElo "1992"]
[PlyCount "53"]
[GameId "2160767910965642"]
[EventDate "2005.02.18"]
[EventType "swiss"]
[EventRounds "5"]
[EventCountry "CAN"]
[SourceTitle "EXT 2006"]
[Source "ChessBase"]
[SourceDate "2005.11.24"]
[SourceVersion "1"]
[SourceVersionDate "2005.11.24"]
[SourceQuality "1"]

1. d4 d5 2. c4 c6 3. Nf3 Nf6 4. Nc3 e6 5. e3 Nbd7 6. Qc2 Bd6 7. Bd2 dxc4 8. Bxc4 b5 9. Bd3 Bb7 10. O-O O-O 11. e4 b4 12. Ne2 e5 13. dxe5 Nxe5 14. Nxe5 Bxe5 15. Bxb4 Ng4 16. h3 Qh4 17. Bc5 Rfd8 18. f4 Bd6 19. Bxd6 Rxd6 20. hxg4 Rh6 21. g5 Rh5 22. Rad1 Rd8 23. Rf3 Bc8 24. Ng3 Qh2+ 25. Kf2 Bh3 26. Bf1 Rc8 27. Nxh5 1-0

[Event "Carnaval"]
[Site "Quebec CAN"]
[Date "2005.02.19"]
[Round "2"]
[White "Plante, Hendrick"]
[Black "Tremblay, Rejean"]
[Result "0-1"]
[WhiteElo "1868"]
[BlackElo "2234"]
[PlyCount "68"]
[GameId "2160767910965643"]
[EventDate "2005.02.18"]
[EventType "swiss"]
[EventRounds "5"]
[EventCountry "CAN"]
[SourceTitle "EXT 2006"]
[Source "ChessBase"]
[SourceDate "2005.11.24"]
[SourceVersion "1"]
[SourceVersionDate "2005.11.24"]
[SourceQuality "1"]

1. d4 Nf6 2. c4 g6 3. Nc3 Bg7 4. e4 d6 5. Bd3 O-O 6. Nge2 Nbd7 7. f3 e5 8. d5 Nc5 9. Bg5 h6 10. Bh4 Nxd3+ 11. Qxd3 Bd7 12. g4 a6 13. a4 Qe8 14. a5 Nh7 15. O-O-O f5 16. gxf5 gxf5 17. Rdf1 Qh5 18. Bg3 f4 19. Be1 Bh3 20. Rf2 Bf6 21. Ng1 Bd7 22. h4 Kh8 23. Rfh2 Rg8 24. b4 Be7 25. Bf2 Qf7 26. Qf1 c6 27. Kd2 Nf6 28. Nh3 cxd5 29. exd5 Bf5 30. Ng5 hxg5 31. hxg5+ Nh7 32. Ne4 Rac8 33. Bh4 Rc7 34. g6 Bxg6 0-1